Projekt hodnocení ekonomické efektivnosti investičních příležitostí ve firmě EKOBAL Rožnov, spol. s r. o. diplomová práce

Saved in:
Bibliographic Details
Main Author Fusek, Petr (Dissertant)
Other Authors Tučková, Zuzana, 1977- (Thesis advisor)
Format Manuscript Book
LanguageCzech
Published 2004
Subjects
Physical Description118 l. : il.

Cover

LEADER 00000ctm a22000007a 4500
001 13179
003 CZ-ZlUTB
005 20240830153217.0
008 041124s2004^ xr ||||| ||||| |||||cze|d
040 |a ZLD002  |b cze  |c ZLD002  |d ZLD002 
072 7 |a 658  |x Řízení a správa podniku  |2 Konspekt  |9 4 
080 |a 658.14/.17  |2 v 
100 1 |a Fusek, Petr  |4 dis 
245 1 0 |a Projekt hodnocení ekonomické efektivnosti investičních příležitostí ve firmě EKOBAL Rožnov, spol. s r. o.  |h [rukopis] :  |b diplomová práce /  |c Petr Fusek ; [vedoucí diplomové práce Zuzana Holočiová] 
260 |c 2004 
300 |a 118 l. :  |b il. 
650 0 4 |a EKOBAL Rožnov (Rožnov pod Radhoštěm, Česko) 
650 0 4 |a efektivnost 
650 0 7 |a financování  |7 ph137577  |2 czenas 
650 0 4 |a INVESTICE 
650 0 7 |a mlékařství  |7 ph135622  |2 czenas 
650 0 7 |a obaly  |7 ph123544  |2 czenas 
650 0 7 |a projektový management  |7 ph115894  |2 czenas 
655 7 |a diplomové práce  |7 fd132022  |2 czenas 
700 1 |a Tučková, Zuzana,  |d 1977-  |7 mzk2005282529  |4 ths 
710 2 |a Univerzita Tomáše Bati ve Zlíně.  |b Ústav podnikové ekonomiky  |7 mzk2005266512  |4 dgg 
952 |0 0  |1 0  |4 0  |6 D2004FUSEKP  |7 1  |8 MANUS  |9 22732  |a UTBZL  |b UTBZL  |c 001  |d 2006-07-29  |l 0  |o D2004/FUSEK,P.  |p 420010088335  |r 2019-08-25 00:00:00  |w 2019-08-25  |x 20100831  |y 10 
992 |a DS 
999 |c 13179  |d 13179 
993 |x NEPOSILAT  |y VSKP